000 00202nam a2200097Ia 4500
008 190216s9999||||xx |||||||||||||| ||und||
100 _aSarathomas
245 0 _aAsthamayam
260 _bNull
942 _cBK
999 _c25275
_d25275